Komunikácia s ambulantným a hospitalizovaným pacientom

Bibliographic Details
Main Author: Šebeková, Viera (Author)
Format: Article
Language:Slovak
Subjects:

MARC

LEADER 00000nab a2200000 a 4500
001 vtls000829037
003 SK-MaSNL
005 20260304105356.0
008 250429c2002 xo 0 slo
015 |a SNBRB2003/03-09126 
035 |a CLN000180692 
035 |a urn:nbn:sk:snk-ab6xu6 
035 |a (uuid)cbc0347b-4c32-4a72-8ce5-1679907da8a9 
035 |a (urnnbn)urn:nbn:sk:snk:ar-a066y8 
035 |a (sysno)vtls000829037 
040 |a SNKBUCL  |b slo  |c SNKBUCL  |e AACR2 
041 0 |a slo 
044 |a xo  |c SK 
080 |a 614.253.5:614.253.8  |2 1997 
100 1 |a Šebeková, Viera  |4 aut  |9 1165618 
245 1 0 |a Komunikácia s ambulantným a hospitalizovaným pacientom  |c V. Šebeková 
246 1 1 |a Communication with the out- and in-patient 
300 |b Obr. 
504 |a Res. angl., slov. 
504 |a Bibliogr. odkazy 
650 0 7 |a vzťahy ošetrovateľka-pacient  |2 snkbucl  |9 857059 
650 0 7 |a komunikácia  |2 snkbucl  |9 1362 
650 0 7 |a dotazníky  |2 snkbucl  |9 19591 
655 7 |a články z novín a časopisov  |2 snkbucl  |9 267496 
773 0 |t Revue ošetrovateľstva a laboratórnych metodík  |g Roč. 8, č. 3-4 (2002), s. 84-85 
850 |a Slovenská národná knižnica 
852 |a Slovenská národná knižnica 
958 |a article27 
958 |a OND 
958 |a MI 
958 |a NB 
958 |a EUIPO 
999 |c 2855430  |d 2857360